| 000 | 00990nam a2200325Ia 4500 | ||
|---|---|---|---|
| 008 | 160803s9999 xx 000 0 und d | ||
| 020 | _a978-0545103695 | ||
| 100 | _aStilton, Geronimo | ||
| 245 | 4 | _aThe karate mouse / | |
| 245 | _cGeronomo Stilton ; illustrations by Federico Brusco, Valentina Grassini, and Chiara Sacchi ; English translation by Atlantyca S.p.A. | ||
| 260 | _aNew York : | ||
| 260 | _bScholastic Inc. | ||
| 260 | _c2010 | ||
| 300 | _a100 pages : | ||
| 300 | _bcolor illustrations, maps ; | ||
| 300 | _c20 cm. | ||
| 440 | _aGeronimo Stilton ; | ||
| 440 | _vbk. 40 | ||
| 500 | _aTranslation of: Te lo do io il karate. | ||
| 650 | _aDetective and mystery stories. | ||
| 650 | _aJournalists -- | ||
| 650 | _aKarate -- | ||
| 650 | _aMice -- | ||
| 650 | _aStilton, Geronimo (Fictitious character) -- | ||
| 650 | _x Fiction. | ||
| 650 | _xJuvenile fiction. | ||
| 650 | _xJuvenile fiction. | ||
| 650 | _xJuvenile fiction. | ||
| 700 | _a480 | ||
| 999 |
_c298236 _d298236 |
||